000 00402nam a22001457a 4500
003 SGT
020 _a9788189859787
082 _a350.954
_bM08N
100 _aनंदन, कन्हैयालाल
245 _aमोहिं कहां विश्राम
260 _bकिताबघर प्रकाशन
_c2008
300 _a294
650 _aSCIAL SCIENCE
942 _2ddc
_cBK
999 _c27785
_d27785